000 00589nam a2200241 a 4500
001 nice12345678
003 IN_TiNIC
005 20260116011519.0
008 050524s1942 lona grp 000 0 eng
020 _a
_c100
082 0 0 _a912.19
_bBAR
100 _aBartholomew, John
245 _aOxford Advanced Atlas
260 _aLondon
_bOxford University Press
_c1942
300 _a96p
500 _aincludes index and biblioraphy
505 2 _aBibliography
650 _aAtlases-History-World
700 1 _aBartholomew, John
902 _bRHR
942 _cBK
999 _c2205
_d2205